000 00748nam a2200229 i 4500
001 13283
003 ES-MaACL
005 20230906150535.0
007 t|
008 980122s1996 sp ||||1| spa d
020 _a84-920046-7-3
080 _a73.033.4(460.18)
100 1 _aBilbao López, Garbiñe.
_928871
245 1 0 _aIconografía de las pilas bautismales del románico castellano
_b: Burgos y Palencia /
_cGarbiñe Bilbao López.
260 _a[Burgos] :
_bLa Olmeda,
_c1996.
300 _a358 p. :
_bil. ;
_c24 cm.
490 1 _aPiedras angulares ;
_v8
650 4 _aEscultura románica-
_zCastilla y León.
_912454
830 0 _aPiedras angulares ;
_v8
_9228398
852 _aES-MaACL
_jL-20640
_bR.126372
999 _c13283
_d13283